Sovetsko-kanadskije ekonomičeskije svjazi.

Aktivizácia kontaktov Kanady a ZSSR a jej zmluvný základ. Vytváranie spoločných obchodných akciových spoločností. Zvyšovanie importu kanadských tovarov do ZSSR. Spoločné podnikanie a kooperácia a jej doterajší rozsah. Zlepšenia vzájomnej výmeny obchodných a ekonomických informácií.

Salvato in:
Dettagli Bibliografici
Autore principale: Pavlenko, Je
Natura: Capitolo di libro
Lingua:russo
Soggetti:
Tags: Aggiungi Tag
Nessun Tag, puoi essere il primo ad aggiungerne!!

MARC

LEADER 00000naa a2200000 4500
001 r001930
005 20220819192840.2
041 0 |a rus 
044 |a [SU] 
245 1 0 |a Sovetsko-kanadskije ekonomičeskije svjazi.  |c Je. Pavlenko 
520 |a Aktivizácia kontaktov Kanady a ZSSR a jej zmluvný základ. Vytváranie spoločných obchodných akciových spoločností. Zvyšovanie importu kanadských tovarov do ZSSR. Spoločné podnikanie a kooperácia a jej doterajší rozsah. Zlepšenia vzájomnej výmeny obchodných a ekonomických informácií. 
610 2 0 |a zmluvy hospodárske 
610 2 0 |a zmluvy medzinárodné 
610 2 0 |a vzťahy hospodárske vonkajšie 
610 2 0 |a ZSSR 
610 2 0 |a Kanada 
610 2 0 |a spoločnosti akciové 
610 2 0 |a podnik obchodný 
610 2 0 |a podnik spoločný 
610 2 0 |a dovoz 
610 2 0 |a výmena informácií 
610 2 0 |a informácie obchodno-ekonomické 
100 1 |a Pavlenko, Je.